Kỹ thuật điều hòa không khí
Sách cung cấp kiến thức cơ bản về không khí ẩm, các yêu cầu trong không gian cần điều hòa không khí, các nguyên nhân phát sinh nhiệt lượng thừa trong không gian đó, các biện pháp đáp ứng các chỉ tiêu kỹ thuật, các phương pháp tính tián và c...
Đã lưu trong:
| 主要作者: | |
|---|---|
| 格式: | 圖書 |
| 語言: | Undetermined |
| 出版: |
Hà Nội
KHKT
1998
|
| 主題: | |
| 標簽: |
添加標簽
沒有標簽, 成為第一個標記此記錄!
|
| Thư viện lưu trữ: | Trung tâm Học liệu Trường Đại học Cần Thơ |
|---|
| LEADER | 01062nam a2200205Ia 4500 | ||
|---|---|---|---|
| 001 | CTU_27761 | ||
| 008 | 210402s9999 xx 000 0 und d | ||
| 020 | |b 57.000đ | ||
| 082 | |a 621.56 | ||
| 082 | |b H307 | ||
| 100 | |a Lê Chí Hiệp | ||
| 245 | 0 | |a Kỹ thuật điều hòa không khí | |
| 245 | 0 | |c Lê Chí Hiệp | |
| 260 | |a Hà Nội | ||
| 260 | |b KHKT | ||
| 260 | |c 1998 | ||
| 520 | |a Sách cung cấp kiến thức cơ bản về không khí ẩm, các yêu cầu trong không gian cần điều hòa không khí, các nguyên nhân phát sinh nhiệt lượng thừa trong không gian đó, các biện pháp đáp ứng các chỉ tiêu kỹ thuật, các phương pháp tính tián và các số liệu cụ thể để tiến hành thiết kế hệ thống điều hòa không khí | ||
| 650 | |a air conditioning,refrigeration and refrigerating machinery | ||
| 904 | |i Minh, 990104 | ||
| 980 | |a Trung tâm Học liệu Trường Đại học Cần Thơ | ||